Losowe zwroty w języku włoskim - Statystyki

Ogólne statystyki
  • Ten quiz został rozwiązany 40 razy
    17 od ostatniego zresetowania
  • Średni wynik to 12 z 37
Statystyki odpowiedzi
Po polsku Po włosku % Poprawnych
Cześć Ciao
89%
Nie No
89%
Tak
78%
Dzień dobry (rano) Buongiorno
67%
Jak się masz? Come stai?
67%
Dziękuje Grazie
67%
Do widzenia Arrivederci
56%
Dobranoc Buona notte
56%
Dobry wieczór Buonasera
56%
Nie ma za co/proszę Prego
44%
Witaj Benvenuto
33%
Miłego dnia Buona giornata
33%
Dzień dobry (po południu) Buon pomeriggio
33%
Co Che cosa
33%
Jak masz na imię? Come ti chiami?
33%
Co tam? Come va?
33%
Skąd jesteś? Di dove sei?
33%
Proszę Per favore
33%
Jutro Domani
22%
Jestem głodny Ho fame
22%
Nazywam się... Mi chiamo
22%
Nie wiem Non lo so
22%
Nie słyszę cię Non ti sento
22%
Kiedy Quando
22%
Chcesz? Vuoi?
22%
Która jest godzina? Che ore sono
11%
Gdzie mieszkasz Dove vivi?
11%
Chce mi się pić Ho sete
11%
Wczoraj Ieri
11%
Czuję się dobrze Mi sento bene
11%
Dzisiaj Oggi
11%
Ile masz lat? Quanti anni hai?
11%
Wszystko w porządku? Tutto bene?
11%
Chodźmy Andiamo
0%
Do zobaczenia A presto
0%
Ale super! Che bello!
0%
Nie chcę Non voglio
0%
Nie znaleziono quizów pasujących do podanych kryteriów
Rozkład punktacji
Procent ludzi z każdym wynikiem
Percentyl według liczby udzielonych odpowiedzi
Twoja historia wyników
Nie rozwiązałeś tego quizu od ostatniego zresetowania